000 00316nam a2200145Ia 4500
100 _aDabhade/M.L
250 _a7
942 _cBK
654 _aEngineering Graphics
245 _aEngineering Graphics II
260 _bVision Publications
_aJalgaon
_c2004
082 _a6.6
_bDAB
546 _aENGLISH
999 _c22975
_d22975